Kvalita produkcie 2009 zborník prednášok zo semináru pedagógov študijného odboru Kvalita produkcie : Košice - Herľany 16.-17. september 2009

Bibliographic Details
Corporate Author: Kvalita produkcie Košice - Herľany, Slovensko
Other Authors: Virčíková, Edita, 1946-2021 (Editor)
Format: Conference Proceeding Software eBook
Language:Slovak
English
PhysicalDescription:1 elektronický optický disk (CD-ROM) 12 cm
Published: Košice Technická univerzita 2009
ISBN:9788055302386
Edition:[1. vyd.]
Subjects:

MARC

LEADER 00000nam a2200000 a 4500
001 vtls010071271
003 SK-MaSNL
005 20260326102340.0
007 co bg anuua
008 180730s2009 xo l fs 100 0 slo
015 |a SNBS2010/02-01515 
020 |a 9788055302386  |q (elektronická kniha) 
040 |a SNK  |b slo  |c SNK  |e AACR2 
041 0 |a slo  |a eng  |b eng  |b slo 
044 |a xo  |c SK 
072 7 |a 005  |x Manažment. Riadenie  |2 konspekt 
080 |a 33  |2 2001 
080 |a (062.534)  |2 2001 
080 |a (0.034.44)  |2 2001 
080 |a 005.61  |2 2001 
111 2 |a Kvalita produkcie  |n (2. :  |d 2009 :  |c Košice - Herľany, Slovensko)  |9 651033 
245 1 0 |a Kvalita produkcie 2009  |h elektronický zdroj  |b zborník prednášok zo semináru pedagógov študijného odboru Kvalita produkcie : Košice - Herľany 16.-17. september 2009  |c editor: Edita Virčíková 
250 |a [1. vyd.] 
260 |a Košice  |b Technická univerzita  |c 2009 
300 |a 1 elektronický optický disk (CD-ROM)  |c 12 cm 
500 |a Názov z titulnej obrazovky 
516 |a Textový dokument (zborník), súbory vo formáte pdf 
538 |a Technické požiadavky: Adobe Reader 6.0 
650 0 7 |a produktivita  |2 SNKPH  |9 14205 
650 0 7 |a kvalita  |2 SNKPH  |9 1150 
650 0 7 |a manažment kvality  |2 SNKPH  |9 932 
655 7 |a elektronické zdroje  |2 SNKPH  |9 90954 
655 7 |a CD-ROM  |2 SNKPH  |9 70236 
655 7 |a zborníky konferencií  |2 SNKPH  |9 70153 
700 1 |a Virčíková, Edita,  |d 1946-2021  |4 edt  |9 196128 
919 |a 978-80-553-0238-6 
999 |c 1004639  |d 1006569 
952 |a SNK  |b SNK  |y PREZ  |7 0  |p 17A0646897  |o snkSCDM 2599  |i snk2010/4275  |8 0  |0 0  |1 0  |4 0  |d 2010-03-03  |l 0  |r 2026-02-24 12:32:01  |w 2026-02-24